000
00336 a2200157 4500
001
14537
020
_a
9788578276270
040
_c
Anchieta - Aquarius
100
_a
Carvalho, Beatriz
240
1
0
_a
Misturichos
_l
por
245
1
0
_a
Misturichos
300
_a
31
362
0
_a
2012
650
4
_a
Literatura infanto-juvenil
942
_c
BK
999
_c
14537
_d
14537